000 02861cam a2200685Ii 4500
001 sjds1448978
003 sjds
005 20180413232641.0
008 141126s2015 nyua a 000 1 spa d
010 _a 2014042733
020 _a9781484722855
020 _a148472285X
035 _a776840
035 _a(OCoLC)897346133
_z(OCoLC)907157561
_z(OCoLC)928988463
035 _a(OCoLC)897346133
035 _a776840
040 _aDLC
_beng
_erda
_cDLC
_dBTCTA
_dOJ4
_dOQX
_dGO3
_dOCLCF
_dSAP
_dOCLCO
_dNYP
_dOCLCQ
_dOCLCO
_dIFA
041 1 _aspa
_heng
042 _apcc
_alcac
049 _aIFAA
099 _f2015
100 1 _aWillems, Mo,
_eauthor,
_eillustrator.
240 1 0 _aBig guy took my ball.
_lSpanish
245 1 3 _aUn tipo grande se llevó mi pelota! /
_cpor Mo Willems ; adaptado al español por F. Isabel Campoy.
246 _aUn tipo grande se llevó mi pelota!
250 _aEdición primera en español.
260 _aNew York :
_bHyperion Books for Children, an imprint of Disney Book Group,
_c2015.
264 1 _aNew York :
_bHyperion Books for Children, an imprint of Disney Book Group,
_c2015.
300 _a56 pages :
_bcolor illustrations ;
_c24 cm.
336 _atext
_btxt
_2rdacontent
336 _astill image
_bsti
_2rdacontent
337 _aunmediated
_bn
_2rdamedia
338 _avolume
_bnc
_2rdacarrier
490 1 _aUn libro de Elefante y Cerdita
500 _aTítulo original: A Big guy took my ball.
520 _aEn Un tipo grande se llevó mi pelota! cuando un tipo grande se lleva su pelota, Cerdita está devastada. Geraldo también es grande ... pero lo suficiente como para ayudar a su mejor amiga?
520 _aPiggie is upset because a whale took the ball she found, but Gerald finds a solution that pleases all of them.
546 _aIn Spanish = En español.
586 _a"Theodor Seuss Geisel Honor Book"--Cover.
586 _a"Theodor Seuss Geisel Honor Book"--Cover.
650 0 _aElephants
_vJuvenile fiction.
650 0 _aSwine
_vJuvenile fiction.
650 0 _aWhales
_vJuvenile fiction.
650 0 _aSize perception
_vJuvenile fiction.
650 0 _aFriendship
_vJuvenile fiction.
650 0 _aPlay
_vJuvenile fiction.
650 0 _aSharing
_vJuvenile fiction.
650 0 _aBall games
_vJuvenile fiction.
650 7 _aElefantes
_vNovela juvenil.
_2bidex
650 7 _aCerdos
_vNovela juvneil.
_2bidex
650 7 _aBallenas
_vNovela juvenil.
_2bidex
650 7 _aPercepción de tamaño
_vNovela juvenil.
_2bidex
650 7 _aAmistad
_vNovela juvenil.
_2bidex
650 7 _aJuegos infantiles
_vNovela infantil.
_2bidex
650 7 _aParticipación y repartición
_vNovela juvenil.
_2bidex
650 7 _aJuegos de pelota
_vNovela juvenil.
_2bidex
700 1 _aCampoy, F. Isabel,
_etranslator.
800 1 _aWillems, Mo.
_tElephant & Piggie book.
_lSpanish.
942 _cBK
_2ddc
999 _c20356
_d20356